[Event "Berlin Lichtenberger op 10th"]
[Site "Berlin"]
[Date "2011.08.18"]
[Round "6"]
[White "Oberhofer, Andre"]
[Black "Schulz, Hartmut"]
[Result "1-0"]
[WhiteElo "2308"]
[BlackElo "2098"]
[PlyCount "157"]
[EventDate "2011.08.13"]
[EventType "swiss"]
[EventRounds "9"]
[EventCountry "GER"]
[SourceTitle "CBM 143 Extra"]
[Source "ChessBase"]
[SourceDate "2011.08.29"]
[SourceVersion "1"]
[SourceVersionDate "2011.08.29"]
[SourceQuality "1"]

1. e4 c6 2. d4 d5 3. Nc3 dxe4 4. Nxe4 Nd7 5. Ng5 Ngf6 6. Bd3 e6 7. Ne2 Bd6 8. 0-0 h6 9. Nf3 Qc7 10. Re1 c5 11. Nc3 a6 12. d5 Ne5 13. Nxe5 Bxe5 14. h3 0-0 15. Qf3 c4 16. Bf1 exd5 17. Nxd5 Nxd5 18. Qxd5 Bh2+ 19. Kh1 Be6 20. Qe4 Rad8 21. Be3 Be5 22. Bxh6 Bxb2 23. Rab1 Bd5 24. Qg4 Bf6 25. a4 Qc6 26. a5 Bc3 27. Re3 Bd4 28. Qxd4 Qxh6 29. Qc3 Qf4 30. Rg3 f6 31. Kg1 Qe5 32. Bxc4 Qxc3 33. Rxc3 Bxc4 34. Rxc4 Rf7 35. Rcb4 Rdd7 36. g3 Rc7 37. R1b2 Rfe7 38. Kg2 Kf7 39. Rb6 Ke8 40. Kf3 Rc3+ 41. Kg2 Rcc7 42. h4 Kf7 43. Kf3 Rc3+ 44. Kg4 Rcc7 45. h5 Red7 46. R2b4 Re7 47. c4 Kg8 48. f4 Kh7 49. Rd6 Rc5 50. Rd5 Rc6 51. c5 Rec7 52. Rc4 g6 53. hxg6+ Kxg6 54. f5+ Kh6 55. Rc1 Rg7+ 56. Kf4 Rgc7 57. Rc2 Kg7 58. g4 Kh6 59. Rc1 Kg7 60. g5 fxg5+ 61. Kxg5 Kf7 62. Rc2 Kf8 63. f6 Kf7 64. Rf5 Rc8 65. Rb2 R8c7 66. Rh2 Rxc5 67. Rh7+ Ke6 68. Rxc5 Rxc5+ 69. Kg6 Rxa5 70. Re7+ Kd6 71. Rxb7 Ra1 72. f7 Rg1+ 73. Kf6 Rf1+ 74. Kg7 Rg1+ 75. Kf8 a5 76. Ra7 Rg5 77. Ke8 Re5+ 78. Kd8 Rf5 79. Ra6+ 1-0

[Event "Berlin Lichtenberger op 10th"]
[Site "Berlin"]
[Date "2011.08.17"]
[Round "5"]
[White "Schulz, Michael"]
[Black "Oberhofer, Andre"]
[Result "1/2-1/2"]
[WhiteElo "2233"]
[BlackElo "2308"]
[PlyCount "83"]
[EventDate "2011.08.13"]
[EventType "swiss"]
[EventRounds "9"]
[EventCountry "GER"]
[SourceTitle "CBM 143 Extra"]
[Source "ChessBase"]
[SourceDate "2011.08.29"]
[SourceVersion "1"]
[SourceVersionDate "2011.08.29"]
[SourceQuality "1"]

1. d4 d5 2. Bg5 Nf6 3. Bxf6 exf6 4. e3 f5 5. c4 dxc4 6. Bxc4 Bd6 7. Nc3 0-0 8. Nf3 Nd7 9. 0-0 a6 10. Bd3 Nf6 11. Qc2 g6 12. Rac1 Re8 13. Rfe1 Bd7 14. e4 fxe4 15. Nxe4 Bc6 16. Nxf6+ Qxf6 17. Be4 Bxe4 18. Rxe4 Rad8 19. Rce1 Rxe4 20. Qxe4 c6 21. h4 h5 22. g3 Bf8 23. Re3 Rd6 24. Rb3 Re6 25. Qd3 Qe7 26. Kg2 Bg7 27. Qc4 Qd7 28. Ng5 Re7 29. Rd3 Qd6 30. d5 Bxb2 31. dxc6 Qxc6+ 32. Qxc6 bxc6 33. Rd8+ Kg7 34. Ra8 Rc7 35. Rxa6 c5 36. Rb6 Bd4 37. Rd6 Bb2 38. Rb6 Be5 39. f4 Bd4 40. Rd6 Re7 41. a4 Bf6 42. Rc6 1/2-1/2

[Event "Berlin Lichtenberger op 10th"]
[Site "Berlin"]
[Date "2011.08.16"]
[Round "4"]
[White "Oberhofer, Andre"]
[Black "Hein, Erwin"]
[Result "1/2-1/2"]
[WhiteElo "2308"]
[BlackElo "2145"]
[PlyCount "128"]
[EventDate "2011.08.13"]
[EventType "swiss"]
[EventRounds "9"]
[EventCountry "GER"]
[SourceTitle "CBM 143 Extra"]
[Source "ChessBase"]
[SourceDate "2011.08.29"]
[SourceVersion "1"]
[SourceVersionDate "2011.08.29"]
[SourceQuality "1"]

1. e4 c5 2. c3 Nf6 3. e5 Nd5 4. Nf3 d6 5. d4 cxd4 6. cxd4 e6 7. a3 Bd7 8. Bd3 Be7 9. 0-0 Bc6 10. Nc3 Nxc3 11. bxc3 Nd7 12. Qe2 0-0 13. Re1 dxe5 14. Nxe5 Rc8 15. Qh5 Nf6 16. Qh3 Re8 17. Bg5 h6 18. Bxh6 gxh6 19. Re3 h5 20. Bg6 fxg6 21. Qxe6+ Kh8 22. Nf7+ Kg7 23. Nxd8 Rcxd8 24. Rae1 Nd5 25. Re4 Bf6 26. Qxc6 bxc6 27. Rxe8 Rd7 28. Rc1 Kf7 29. Rc8 Ne7 30. Rb8 Ke6 31. Kf1 Kd6 32. Ke2 Nd5 33. g3 h4 34. Rg8 hxg3 35. hxg3 Ne7 36. Rf8 Bg7 37. Rf7 Bh6 38. Rh1 Bg5 39. f4 Nf5 40. Rxf5 gxf5 41. fxg5 c5 42. Kd3 cxd4 43. Kxd4 Ke6+ 44. Kc4 Rg7 45. Rh5 Ke5 46. Kd3 Rg6 47. c4 Ra6 48. c5 Rxa3+ 49. Kc4 Rxg3 50. Rh8 Rxg5 51. Re8+ Kf4 52. c6 Rg1 53. Kb5 Rb1+ 54. Kc5 Rc1+ 55. Kd6 Kf3 56. Re5 f4 57. Rc5 Rh1 58. c7 Rh8 59. c8Q Rxc8 60. Rxc8 Ke3 61. Re8+ Kd3 62. Rf8 Ke4 63. Re8+ Kd3 64. Rf8 Ke4 1/2-1/2

[Event "Salou op 13th"]
[Site "Salou"]
[Date "2011.05.05"]
[Round "2"]
[White "Oberhofer, Andre"]
[Black "Hamdouchi, Hicham"]
[Result "0-1"]
[WhiteElo "2270"]
[BlackElo "2592"]
[PlyCount "58"]
[EventDate "2011.05.04"]
[EventType "swiss"]
[EventRounds "9"]
[EventCountry "ESP"]
[SourceTitle "CBM 142 Extra"]
[Source "ChessBase"]
[SourceDate "2011.06.27"]
[SourceVersion "1"]
[SourceVersionDate "2011.06.27"]
[SourceQuality "1"]

1. e4 c5 2. c3 Nf6 3. e5 Nd5 4. Nf3 e6 5. d4 cxd4 6. cxd4 d6 7. a3 Bd7 8. Bd3 Bc6 9. 0-0 Nd7 10. Nbd2 dxe5 11. Nc4 Nf4 12. Bc2 Rc8 13. dxe5 Bxf3 14. Qxf3 Rxc4 15. Bb3 Nxe5 16. Qxb7 Ne2+ 17. Kh1 Qb6 18. Qa8+ Ke7 19. Bxc4 Nxc4 20. Qe4 Nxc1 21. Raxc1 Nd6 22. Qa4 f5 23. Rc6 Qxb2 24. Qh4+ Kf7 25. Rc7+ Kg6 26. Re1 Ne4 27. h3 Qxf2 28. Qxf2 Nxf2+ 29. Kg1 Ne4 0-1

[Event "Oberliga Sued W 1011"]
[Site "Germany"]
[Date "2011.04.10"]
[Round "9.2"]
[White "Scheiblauer, Heinrich"]
[Black "Oberhofer, Andre"]
[Result "0-1"]
[WhiteElo "2165"]
[BlackElo "2291"]
[PlyCount "72"]
[EventDate "2010.10.10"]
[EventType "team-tourn"]
[EventRounds "9"]
[EventCountry "GER"]
[SourceTitle "EXT 2012"]
[Source "ChessBase"]
[SourceDate "2011.11.24"]
[SourceVersion "1"]
[SourceVersionDate "2011.11.24"]
[SourceQuality "1"]
[WhiteTeam "Mutterstadt"]
[BlackTeam "Saarbruecken Gambit"]
[WhiteTeamCountry "GER"]
[BlackTeamCountry "GER"]

1. d4 Nf6 2. Nf3 d5 3. e3 e6 4. Bd3 c5 5. b3 b6 6. 0-0 Ba6 7. c4 Be7 8. Bb2 cxd4 9. exd4 Nc6 10. Nbd2 0-0 11. a3 Rc8 12. Re1 Rc7 13. Rc1 Qc8 14. Bb1 Rd8 15. c5 bxc5 16. dxc5 Ne4 17. Bxe4 dxe4 18. Rxe4 f5 19. Re3 e5 20. b4 e4 21. b5 Bxb5 22. Qb3+ Kh8 23. Qxb5 Rb7 24. Qa4 Rxb2 25. Nc4 Rb7 26. Nfd2 Bxc5 27. Ree1 Rc7 28. Nb3 Nd4 29. Ne5 Qe6 30. Rxc5 Rxc5 31. Nxc5 Qxe5 32. Qxa7 Nc2 33. Rb1 e3 34. fxe3 Qxe3+ 35. Kh1 Nxa3 36. Rf1 Rc8 0-1